000 00446nam a2200181Ia 4500
001 22454
005 20260414150832.0
008 260414t2012||||xx |||||||||||||| ||spa||
041 _aESP
082 _a621.38132
_bM26
100 _aMarlés Sáenz, Eduardo
_eAUT
245 0 _aFundamentos de circuitos eléctricos II
_b
260 _c2012
300 _a415 páginas :
_c24 cm.
650 _aTCA
654 _aCET
942 _cLIB
_dJUS
_fJUS
_2ddc
_n
999 _c22454
_d22454